000
00281 a2200121 4500
001
63737
082
_a
352.88 OMB
090
_c
37715
_d
37715
100
_a
Ombudsman
245
_a
Ombudsman Punjab Annual Report 2009
260
_a
Lahore
_b
Ombudsman Punjab
_c
2009
300
_a
233
942
_a
caenust
_k
352.88 OMB
999
_c
298810
_d
298810